How to speak Dragonese / (Record no. 2675)

MARC details
000 -LEADER
fixed length control field 01127cam a2200313 a 4500
005 - DATE AND TIME OF LATEST TRANSACTION
control field 20240109143553.0
020 ## - INTERNATIONAL STANDARD BOOK NUMBER
International Standard Book Number 9780316156004 (hardcover)
020 ## - INTERNATIONAL STANDARD BOOK NUMBER
International Standard Book Number 0316156000 (hardcover)
040 ## - CATALOGING SOURCE
Original cataloging agency DLC
Transcribing agency DLC
Modifying agency DLC
Language of cataloging eng
050 00 - LIBRARY OF CONGRESS CALL NUMBER
Classification number PZ7.C83535
Item number Hn 2006
082 00 - DEWEY DECIMAL CLASSIFICATION NUMBER
Classification number 823.92
Edition number 22
100 1# - MAIN ENTRY--PERSONAL NAME
Personal name Cowell, Cressida
245 10 - TITLE STATEMENT
Title How to speak Dragonese /
Statement of responsibility, etc. written and illustrated by Cressida Cowell
250 ## - EDITION STATEMENT
Edition statement This edition published in 2010
260 ## - PUBLICATION, DISTRIBUTION, ETC.
Place of publication, distribution, etc. New York :
Name of publisher, distributor, etc. Hodder Children's Books,
Date of publication, distribution, etc. 2005
300 ## - PHYSICAL DESCRIPTION
Extent 218 pages :
Other physical details illustrations ; map ;
Dimensions 20 cm
490 ## - SERIES STATEMENT
Series statement How to train your dragon ;
Volume/sequential designation Book 3
505 ## - FORMATTED CONTENTS NOTE
Formatted contents note Z
520 ## - SUMMARY, ETC.
Summary, etc. Recounts the further escapades of Hiccup Horrendous Haddock the Third as he continues his Viking training during which he escapes from a boatload of Roman soldiers and searches for his kidnapped dragon.
521 ## - TARGET AUDIENCE NOTE
Target audience note 910
Source Lexile
521 ## - TARGET AUDIENCE NOTE
Target audience note Z
Source Raz-Plus
650 #1 - SUBJECT ADDED ENTRY--TOPICAL TERM
Topical term or geographic name entry element Vikings
Form subdivision Fiction.
650 #1 - SUBJECT ADDED ENTRY--TOPICAL TERM
Topical term or geographic name entry element Pirates
Form subdivision Fiction.
650 #1 - SUBJECT ADDED ENTRY--TOPICAL TERM
Topical term or geographic name entry element Dragons
Form subdivision Fiction.
650 #1 - SUBJECT ADDED ENTRY--TOPICAL TERM
Topical term or geographic name entry element Humorous stories.
906 ## - LOCAL DATA ELEMENT F, LDF (RLIN)
a 7
b cbc
c orignew
d 1
e ecip
f 20
g y-gencatlg
942 ## - ADDED ENTRY ELEMENTS (KOHA)
Source of classification or shelving scheme Dewey Decimal Classification
Koha item type Books
Suppress in OPAC No
999 ## -
-- 2675
-- 2675
Holdings
Withdrawn status Lost status Source of classification or shelving scheme Damaged status Not for loan Collection Home library Current library Shelving location Date acquired Total Checkouts Full call number Barcode Date last seen Date last checked out Price effective from Koha item type
    Dewey Decimal Classification     Juvenile Fiction Footprints International School Library Network Toul Kork Campus Footprints International School Library Network Toul Tom Poung Campus TTP Secondary Fiction Bookshelves 01/09/2024 2 COW 823.92 PZ7.C83535 FIS05323 04/23/2026 04/08/2026 01/09/2024 Books